Disney Trivia- Letter B - Statistics

General Stats
  • This quiz has been taken 207 times
  • The average score is 11 of 15
Answer Stats
Question Answer % Correct
What is the name of the deer who loses his mother? Bambi
99%
Which French girl attracts the attention of a man but ultimately chooses a beast? Belle
93%
This film contains a talking tea cup Beauty and the beast
91%
Who sings the bare necessities to Mowgli? Baloo
85%
What animal is Little John in Robin Hood? Bear
85%
What clock does Peter Pan land on in London? Big Ben
85%
What is tied to the top of the house in Up? Balloons
83%
What is the name of the film about a Scottish princess? Brave
83%
One of the seven dwarves Bashful
80%
Fill in the blank in this Disney song: if you keep on ______, the dreams that you wish will come true Believing
78%
What animal is Bagheera? Black Panther
54%
The name of a ship in the Pirates of the Caribbean film series Black Pearl
48%
Who turns Pinocchio into a real boy? Blue fairy
44%
Who is the friendly chimneysweep from Mary Poppins? Bert
42%
What is the song from bedknobs and broomsticks which takes place underwater? Bobbing along
9%
No matching quizzes found
Score Distribution
Percent of People with Each Score
Percentile by Number Answered
Your Score History
You have not taken this quiz